000 00518nam a2200181Ia 4500
005 20250508151655.0
008 008 250505s9999 xx 000 0 eng d
037 _aTextual
040 _aFEDL
_beng
_cFEDL
041 _aeng
_2eng
084 _a428.3, RAS
_qFEDL
100 _aRasmussen Carrie
_9140293
245 0 _aSpeech methods in the elementary school
260 _aNew York, USA
_bThe Ronald Press Company
_c1949
300 _aix,340p
942 _cTEXL
_h428.3, RAS
999 _c1331360
_d1331360